Dressing the colonised body: (Record no. 1848608)

MARC details
000 -LEADER
fixed length control field 00797nam a22002297a 4500
005 - DATE AND TIME OF LATEST TRANSACTION
control field 20260428160508.0
008 - FIXED-LENGTH DATA ELEMENTS--GENERAL INFORMATION
fixed length control field 260428b |||||||| |||| 00| 0 eng d
020 ## - INTERNATIONAL STANDARD BOOK NUMBER
International Standard Book Number 8125024794 (hbk)
037 ## - SOURCE OF ACQUISITION
Terms of availability REF
040 ## - CATALOGING SOURCE
Original cataloging agency CRL
Transcribing agency CRL
041 ## - LANGUAGE CODE
Source of code eng
Language code of text/sound track or separate title eng
084 ## - COLON CLASSIFICATION NUMBER
Classification number Y:88.4498'N5 P3 (RR)
Assigning agency CRL
100 ## - MAIN ENTRY--PERSONAL NAME
Personal name Wickramasinghe, Nira
245 ## - TITLE STATEMENT
Title Dressing the colonised body:
Remainder of title politics, clothing and identity in Sri Lanka
260 ## - PUBLICATION, DISTRIBUTION, ETC.
Place of publication, distribution, etc. Hyderabad, India:
Name of publisher, distributor, etc. Orient Longman Private Limited,
Date of publication, distribution, etc. 2003.
300 ## - PHYSICAL DESCRIPTION
Extent 157p.
365 ## - TRADE PRICE
Price amount 570.00
Currency code INR
650 ## - SUBJECT ADDED ENTRY--TOPICAL TERM
Topical term or geographic name entry element Sociology
650 ## - SUBJECT ADDED ENTRY--TOPICAL TERM
Topical term or geographic name entry element Colonised Body
9 (RLIN) 1235911
942 ## - ADDED ENTRY ELEMENTS (KOHA)
Source of classification or shelving scheme Colon Classification (CC)
Koha item type Reference
Classification part Y:88.4498'N5 P3 (RR)
Suppress in OPAC No
Holdings
Withdrawn status Lost status Source of classification or shelving scheme Damaged status Not for loan Home library Current library Date acquired Source of acquisition Cost, normal purchase price Inventory number Total Checkouts Full call number Barcode Date last seen Price effective from Koha item type
    Colon Classification (CC)     Central Library Central Library 2026-04-28 Orient Blackswan Private Limited 570.00 000906 & 2026-03-23   Y:88.4498'N5 P3 CL1926691 2026-04-28 2026-04-28 Reference
Copyright @ Delhi University Library System